000 00903cab a2200253 4500
001 ABS56161
008 090401t1996 xxu||||| |||| 00| 0 eng d
035 _a(Sirsi) u21655
041 _aeng
100 _aGoldman, L.
245 _aHow sick is your building?
260 _c1996
350 _a0
490 _aEstates Gazette
_v(9645) 9 November 1996, 129-131(3)
520 _aProvides a background to the phenomenon of Sick Building Syndrome. Highlights the legal responsibilities of owners to prevent SBS, and civil action that may otherwise ensue. Considers US cases where damages have been awarded.
650 _aBUILDING-RELATED ILLNESS
650 _aFACILITIES MANAGEMENT
_96240
650 _aHEALTH AND SAFETY AT WORK ETC ACT 1974
650 _aLIABILITY
650 _aSICK BUILDING SYNDROME
690 _aBUILT ENVIRONMENT-BUILDING PATHOLOGY
942 _n0
948 _c04/03/1997
999 _c14524
_d14524